Ženy v e-commerce
Gespeichert in:
| 1. Verfasser: | |
|---|---|
| Weitere Verfasser: | |
| Format: | Buch |
| Sprache: | Tschechisch Slowakisch |
| Veröffentlicht: |
[Žarnovica]
Expandeco
2022
|
| Ausgabe: | 1. vydání |
| Schlagworte: | |
| Tags: |
Keine Tags, Fügen Sie das erste Tag hinzu!
|
MARC
| LEADER | 00000nam a2200000 4500 | ||
|---|---|---|---|
| 001 | 0295445 | ||
| 005 | 20240416114209.7 | ||
| 020 | |a 978-80-973912-0-1 | ||
| 041 | 0 | |a cze | |
| 041 | 0 | |a slo | |
| 044 | |a SK | ||
| 245 | 1 | 0 | |a Ženy v e-commerce |c Pavla Lokajová, Tomáš Vrtík |
| 250 | |a 1. vydání | ||
| 264 | 1 | |a [Žarnovica] |b Expandeco |c 2022 | |
| 300 | |a 182 s. | ||
| 610 | 2 | 0 | |a podnikanie |
| 610 | 2 | 0 | |a podnikatelia |
| 610 | 2 | 0 | |a ženy |
| 610 | 2 | 0 | |a rovnosť rodová |
| 100 | 1 | |a Lokajová, Pavla | |
| 700 | 1 | |a Vrtík, Tomáš | |